| 000 | 00504nam a2200205Ia 4500 | ||
|---|---|---|---|
| 003 | OSt | ||
| 005 | 20240927114638.0 | ||
| 008 | 240126s9999 xx 000 0 und d | ||
| 020 | _a9789391211295 | ||
| 040 | _c0 | ||
| 041 | _aEnglish | ||
| 082 | _a614.1 MOD;1 R | ||
| 100 | _aModi, Jaising P. Kannan, K. | ||
| 245 | 2 | _aA textbook of medical jurisprudence and toxicology | |
| 250 | _a27th ed. | ||
| 260 |
_bLexis Nexis _aHaryana |
||
| 300 | _acxliv, 538 | ||
| 440 | _aNULL | ||
| 942 |
_cLL _2ddc |
||
| 999 |
_c295375 _d295375 |
||